[Event "Irena Warakomska Memorial 2019"]
[Site "Suwalki"]
[Date "2019.08.07"]
[Round "4"]
[White "Barski, Radoslaw"]
[Black "Iturrizaga Bonelli, Eduardo"]
[Result "1/2-1/2"]
[Board "10"]
[WhiteElo "2438"]
[WhiteTitle "IM"]
[WhiteCountry "POL"]
[WhiteFideId "1131710"]
[WhiteEloChange "3"]
[BlackElo "2635"]
[BlackTitle "GM"]
[BlackCountry "VEN"]
[BlackFideId "3901211"]
[BlackEloChange "-3"]

1. e4 {[%clk 1:30:57]} c6 {[%clk 1:27:43]} 2. d4 {[%clk 1:31:11]} d5 {[%clk
1:27:56]} 3. e5 {[%clk 1:30:54]} c5 {[%clk 1:27:26]} 4. dxc5 {[%clk 1:31:14]} e6
{[%clk 1:27:43]} 5. a3 {[%clk 1:31:39]} Nc6 {[%clk 1:27:58]} 6. Nf3 {[%clk
1:31:53]} Bxc5 {[%clk 1:28:21]} 7. Bd3 {[%clk 1:31:52]} f6 {[%clk 1:28:43]} 8. b4
{[%clk 1:25:33]} Bb6 {[%clk 1:29:09]} 9. Bb2 {[%clk 1:08:05]} fxe5 {[%clk
1:29:34]} 10. Nxe5 {[%clk 1:08:11]} Nf6 {[%clk 1:30:00]} 11. O-O {[%clk 1:07:55]}
O-O {[%clk 1:30:11]} 12. Nd2 {[%clk 1:07:31]} a5 {[%clk 1:30:36]} 13. b5 {[%clk
1:06:12]} Nxe5 {[%clk 1:31:01]} 14. Bxe5 {[%clk 1:06:35]} Bd7 {[%clk 1:31:28]}
15. Qe2 {[%clk 1:03:34]} a4 {[%clk 1:17:43]} 16. Bb2 {[%clk 0:57:38]} Qe8 {[%clk
1:12:56]} 17. Nf3 {[%clk 0:53:28]} Qh5 {[%clk 1:12:12]} 18. c4 {[%clk 0:49:34]}
Rae8 {[%clk 0:43:28]} 19. Ne5 {[%clk 0:36:18]} Qxe2 {[%clk 0:41:04]} 1/2-1/2

[Event "Irena Warakomska Memorial 2019"]
[Site "Suwalki"]
[Date "2019.08.07"]
[Round "4"]
[White "Tomczak, Jacek"]
[Black "Kowalski, Igor"]
[Result "1-0"]
[Board "11"]
[WhiteElo "2628"]
[WhiteTitle "GM"]
[WhiteCountry "POL"]
[WhiteFideId "1124668"]
[WhiteEloChange "2"]
[BlackElo "2344"]
[BlackTitle "FM"]
[BlackCountry "POL"]
[BlackFideId "1172468"]
[BlackEloChange "-3"]

1. e4 {[%clk 1:30:57]} e5 {[%clk 1:30:41]} 2. Nf3 {[%clk 1:31:14]} Nc6 {[%clk
1:31:01]} 3. Bb5 {[%clk 1:31:34]} a6 {[%clk 1:31:26]} 4. Ba4 {[%clk 1:31:35]} Nf6
{[%clk 1:31:53]} 5. O-O {[%clk 1:31:27]} b5 {[%clk 1:32:17]} 6. Bb3 {[%clk
1:31:42]} Bc5 {[%clk 1:32:40]} 7. c3 {[%clk 1:31:03]} d6 {[%clk 1:33:04]} 8. d4
{[%clk 1:31:20]} Bb6 {[%clk 1:33:31]} 9. Be3 {[%clk 1:30:44]} O-O {[%clk
1:32:15]} 10. Nbd2 {[%clk 1:29:12]} h6 {[%clk 1:29:29]} 11. h3 {[%clk 1:28:39]}
exd4 {[%clk 1:26:51]} 12. cxd4 {[%clk 1:22:16]} Re8 {[%clk 1:27:15]} 13. Re1
{[%clk 1:11:17]} Bb7 {[%clk 1:18:26]} 14. d5 {[%clk 1:07:35]} Nb4 {[%clk
1:14:58]} 15. Bxb6 {[%clk 1:03:12]} cxb6 {[%clk 1:15:15]} 16. Re3 {[%clk
1:02:23]} a5 {[%clk 1:15:23]} 17. a3 {[%clk 1:01:38]} Na6 {[%clk 1:15:21]} 18.
Nd4 {[%clk 1:01:04]} Nc5 {[%clk 1:13:37]} 19. Bc2 {[%clk 0:57:04]} b4 {[%clk
1:08:22]} 20. axb4 {[%clk 0:44:14]} axb4 {[%clk 1:08:36]} 21. Rxa8 {[%clk
0:44:39]} Bxa8 {[%clk 1:05:27]} 22. Qe2 {[%clk 0:44:04]} Bb7 {[%clk 0:58:04]} 23.
Qb5 {[%clk 0:43:11]} Qa8 {[%clk 0:28:00]} 24. Qxb4 {[%clk 0:33:30]} Qa1+ {[%clk
0:27:57]} 25. Kh2 {[%clk 0:33:14]} Qc1 {[%clk 0:27:39]} 26. Qc3 {[%clk 0:27:49]}
Rc8 {[%clk 0:25:55]} 27. Nc6 {[%clk 0:27:37]} Bxc6 {[%clk 0:20:22]} 28. dxc6
{[%clk 0:28:01]} Kh8 {[%clk 0:17:56]} 29. b4 {[%clk 0:22:17]} Ne6 {[%clk
0:17:16]} 30. Nf3 {[%clk 0:14:37]} Nc7 {[%clk 0:16:50]} 31. Re1 {[%clk 0:07:55]}
Nb5 {[%clk 0:16:53]} 32. Qb3 {[%clk 0:06:29]} Qa3 {[%clk 0:17:05]} 33. Qxf7
{[%clk 0:06:28]} Qc3 {[%clk 0:15:00]} 34. Bb3 {[%clk 0:03:14]} Qxc6 {[%clk
0:05:19]} 35. Nh4 {[%clk 0:01:45]} Qc7 {[%clk 0:03:27]} 36. Ng6+ {[%clk 0:00:50]}
Kh7 {[%clk 0:03:53]} 37. Qxc7 {[%clk 0:00:54]} Rxc7 {[%clk 0:04:20]} 38. Nf8+
{[%clk 0:01:20]} Kh8 {[%clk 0:04:48]} 39. Ng6+ {[%clk 0:01:34]} Kh7 {[%clk
0:05:15]} 40. Nf8+ {[%clk 0:32:00]} Kh8 {[%clk 0:35:44]} 41. Ne6 {[%clk 0:22:16]}
Rc3 {[%clk 0:34:54]} 42. Ba4 {[%clk 0:14:58]} Na3 {[%clk 0:35:02]} 43. e5 {[%clk
0:13:07]} dxe5 {[%clk 0:34:55]} 44. Rxe5 {[%clk 0:13:31]} Rc4 {[%clk 0:30:50]}
45. Re3 {[%clk 0:13:29]} Nb1 {[%clk 0:31:13]} 46. Rd3 {[%clk 0:13:27]} g5 {[%clk
0:27:34]} 47. Rd8+ {[%clk 0:12:41]} Kh7 {[%clk 0:28:00]} 48. Bb5 {[%clk 0:12:44]}
1-0

[Event "Irena Warakomska Memorial 2019"]
[Site "Suwalki"]
[Date "2019.08.07"]
[Round "4"]
[White "Kosakowski, Jakub"]
[Black "Czarnota, Pawel"]
[Result "1-0"]
[Board "13"]
[WhiteElo "2401"]
[WhiteTitle "FM"]
[WhiteCountry "POL"]
[WhiteFideId "1185080"]
[WhiteEloChange "7"]
[BlackElo "2532"]
[BlackTitle "GM"]
[BlackCountry "POL"]
[BlackFideId "1121219"]
[BlackEloChange "-7"]

1. e4 {[%clk 1:30:55]} c5 {[%clk 1:30:49]} 2. Nf3 {[%clk 1:30:57]} d6 {[%clk
1:31:05]} 3. Bb5+ {[%clk 1:30:55]} Nd7 {[%clk 1:31:09]} 4. Ba4 {[%clk 1:31:06]}
Nf6 {[%clk 1:30:59]} 5. O-O {[%clk 1:31:13]} g6 {[%clk 1:30:46]} 6. Re1 {[%clk
1:30:11]} Bg7 {[%clk 1:30:15]} 7. c3 {[%clk 1:28:05]} O-O {[%clk 1:29:22]} 8. d4
{[%clk 1:28:07]} e5 {[%clk 1:18:30]} 9. Nbd2 {[%clk 1:21:07]} cxd4 {[%clk
1:11:13]} 10. cxd4 {[%clk 1:21:05]} exd4 {[%clk 1:11:37]} 11. Nxd4 {[%clk
1:21:13]} Nc5 {[%clk 1:10:33]} 12. Bc2 {[%clk 1:21:01]} Re8 {[%clk 1:08:13]} 13.
h3 {[%clk 1:02:10]} Qb6 {[%clk 0:54:23]} 14. N4f3 {[%clk 0:57:44]} Be6 {[%clk
0:50:02]} 15. Ng5 {[%clk 0:54:32]} Rac8 {[%clk 0:48:26]} 16. a4 {[%clk 0:34:10]}
h6 {[%clk 0:43:30]} 17. Nxe6 {[%clk 0:34:32]} Rxe6 {[%clk 0:43:45]} 18. Ra3
{[%clk 0:30:07]} Rce8 {[%clk 0:43:54]} 19. Rae3 {[%clk 0:29:15]} Qb4 {[%clk
0:42:47]} 20. Qf3 {[%clk 0:19:56]} Nxa4 {[%clk 0:38:52]} 21. Bb3 {[%clk 0:19:47]}
R6e7 {[%clk 0:38:09]} 22. Nc4 {[%clk 0:17:57]} Nb6 {[%clk 0:35:06]} 23. Bd2
{[%clk 0:17:14]} Qc5 {[%clk 0:35:28]} 24. Na5 {[%clk 0:15:55]} Qh5 {[%clk
0:30:52]} 25. Qxh5 {[%clk 0:13:07]} Nxh5 {[%clk 0:31:17]} 26. Bb4 {[%clk
0:11:09]} Bd4 {[%clk 0:29:56]} 27. Rf3 {[%clk 0:09:21]} Nf6 {[%clk 0:17:35]} 28.
e5 {[%clk 0:07:03]} Rxe5 {[%clk 0:16:36]} 29. Rd1 {[%clk 0:07:05]} Rxa5 {[%clk
0:12:43]} 30. Bxa5 {[%clk 0:07:16]} Bxb2 {[%clk 0:12:46]} 31. Rxd6 {[%clk
0:06:59]} Kg7 {[%clk 0:12:39]} 32. g3 {[%clk 0:06:34]} Re7 {[%clk 0:11:05]} 33.
Rd8 {[%clk 0:05:59]} Rc7 {[%clk 0:09:23]} 34. Bb4 {[%clk 0:03:57]} Rd7 {[%clk
0:05:08]} 35. Bf8+ {[%clk 0:01:09]} Kh7 {[%clk 0:04:07]} 36. Rd3 {[%clk 0:01:32]}
Rxd3 {[%clk 0:03:31]} 37. Rxd3 {[%clk 0:02:00]} Nfd7 {[%clk 0:02:52]} 38. Bb4
{[%clk 0:01:39]} Kg7 {[%clk 0:03:06]} 39. Bc3+ {[%clk 0:01:23]} Bxc3 {[%clk
0:03:30]} 40. Rxc3 {[%clk 0:31:50]} Na8 {[%clk 0:30:34]} 41. Rc8 {[%clk 0:31:17]}
Nab6 {[%clk 0:30:07]} 42. Rc7 {[%clk 0:31:27]} h5 {[%clk 0:23:52]} 43. Rxb7
{[%clk 0:30:43]} a5 {[%clk 0:24:18]} 44. Ra7 {[%clk 0:30:52]} a4 {[%clk 0:24:39]}
45. Bxa4 {[%clk 0:31:16]} Nxa4 {[%clk 0:25:05]} 46. Rxd7 {[%clk 0:31:33]} Nc5
{[%clk 0:25:32]} 47. Ra7 {[%clk 0:31:37]} Ne6 {[%clk 0:25:58]} 48. Kg2 {[%clk
0:31:54]} Kf6 {[%clk 0:26:22]} 49. h4 {[%clk 0:31:13]} Nd4 {[%clk 0:26:46]} 50.
Rd7 {[%clk 0:31:28]} Ne6 {[%clk 0:27:07]} 51. Kf3 {[%clk 0:31:49]} Kg7 {[%clk
0:26:38]} 52. Ra7 {[%clk 0:32:11]} Nd4+ {[%clk 0:26:08]} 53. Ke4 {[%clk 0:32:29]}
Nf5 {[%clk 0:26:31]} 54. Ra3 {[%clk 0:30:12]} Nh6 {[%clk 0:25:26]} 55. Rf3 {[%clk
0:29:37]} Ng4 {[%clk 0:23:38]} 56. Kd5 {[%clk 0:29:49]} Nh6 {[%clk 0:23:09]} 57.
Kd6 {[%clk 0:29:57]} Kf8 {[%clk 0:23:25]} 58. Rf4 {[%clk 0:29:47]} Kg7 {[%clk
0:16:33]} 59. f3 {[%clk 0:26:19]} Ng8 {[%clk 0:16:40]} 60. Rc4 {[%clk 0:24:15]}
Kf6 {[%clk 0:12:07]} 61. g4 {[%clk 0:20:59]} hxg4 {[%clk 0:11:57]} 62. fxg4
{[%clk 0:21:25]} g5 {[%clk 0:11:39]} 63. h5 {[%clk 0:21:43]} Nh6 {[%clk 0:11:57]}
64. Kd5 {[%clk 0:21:54]} Ke7 {[%clk 0:11:51]} 65. Ke5 {[%clk 0:21:13]} f6+ {[%clk
0:12:13]} 66. Kd5 {[%clk 0:21:39]} f5 {[%clk 0:12:39]} 67. gxf5 {[%clk 0:21:32]}
Nxf5 {[%clk 0:13:05]} 68. Ke5 {[%clk 0:21:57]} Ng3 {[%clk 0:12:57]} 69. h6 {[%clk
0:21:54]} Kf7 {[%clk 0:13:17]} 70. Rc7+ {[%clk 0:22:18]} 1-0

[Event "Irena Warakomska Memorial 2019"]
[Site "Suwalki"]
[Date "2019.08.07"]
[Round "4"]
[White "Pniaczek, Marek"]
[Black "Paszewski, Mateusz"]
[Result "1-0"]
[Board "28"]
[WhiteElo "2180"]
[WhiteTitle "CM"]
[WhiteCountry "POL"]
[WhiteFideId "21800421"]
[WhiteEloChange "14"]
[BlackElo "2329"]
[BlackTitle "FM"]
[BlackCountry "POL"]
[BlackFideId "1141058"]
[BlackEloChange "-14"]

1. e4 {[%clk 1:30:30]} c5 {[%clk 1:30:54]} 2. Nf3 {[%clk 1:30:54]} d6 {[%clk
1:30:54]} 3. Bb5+ {[%clk 1:30:54]} Nd7 {[%clk 1:29:47]} 4. a4 {[%clk 1:31:19]}
Nf6 {[%clk 1:27:20]} 5. Nc3 {[%clk 1:31:01]} g6 {[%clk 1:26:57]} 6. a5 {[%clk
1:29:14]} Bg7 {[%clk 1:25:09]} 7. a6 {[%clk 1:27:32]} O-O {[%clk 1:23:03]} 8. O-O
{[%clk 1:27:24]} bxa6 {[%clk 1:15:47]} 9. Bxa6 {[%clk 1:27:38]} Bxa6 {[%clk
1:16:12]} 10. Rxa6 {[%clk 1:28:03]} Nb8 {[%clk 1:16:32]} 11. Ra4 {[%clk 1:24:27]}
Nc6 {[%clk 1:15:49]} 12. Re1 {[%clk 0:58:24]} Nd7 {[%clk 1:14:49]} 13. d3 {[%clk
0:54:51]} Rb8 {[%clk 1:08:28]} 14. Nd2 {[%clk 0:52:32]} Nb6 {[%clk 1:03:29]} 15.
Ra2 {[%clk 0:47:37]} Qd7 {[%clk 1:00:57]} 16. Nb3 {[%clk 0:45:06]} Rfc8 {[%clk
0:57:29]} 17. Na5 {[%clk 0:42:30]} Nxa5 {[%clk 0:36:41]} 18. Rxa5 {[%clk
0:42:55]} Rb7 {[%clk 0:37:06]} 19. Qd2 {[%clk 0:39:07]} Na8 {[%clk 0:35:28]} 20.
b3 {[%clk 0:38:17]} Nc7 {[%clk 0:35:20]} 21. Bb2 {[%clk 0:35:51]} Ne6 {[%clk
0:34:08]} 22. Ba1 {[%clk 0:33:18]} h5 {[%clk 0:27:56]} 23. Ne2 {[%clk 0:31:20]}
Nd8 {[%clk 0:24:43]} 24. Bxg7 {[%clk 0:30:39]} Kxg7 {[%clk 0:24:43]} 25. Nf4
{[%clk 0:26:01]} Kh7 {[%clk 0:22:20]} 26. Nd5 {[%clk 0:23:23]} Nc6 {[%clk
0:20:51]} 27. Ra4 {[%clk 0:19:24]} Qd8 {[%clk 0:19:23]} 28. f4 {[%clk 0:15:47]}
Qh8 {[%clk 0:15:50]} 29. Qf2 {[%clk 0:11:59]} f6 {[%clk 0:06:56]} 30. Qh4 {[%clk
0:10:29]} Kg7 {[%clk 0:06:26]} 31. Kh1 {[%clk 0:08:44]} Kf7 {[%clk 0:05:57]} 32.
Rg1 {[%clk 0:07:36]} Nd4 {[%clk 0:03:55]} 33. Ra2 {[%clk 0:04:40]} Rd8 {[%clk
0:03:31]} 34. Rga1 {[%clk 0:04:21]} Nc6 {[%clk 0:03:44]} 35. Ra6 {[%clk 0:03:41]}
Rc8 {[%clk 0:03:52]} 36. Rf1 {[%clk 0:03:11]} Rd7 {[%clk 0:02:45]} 37. Qh3 {[%clk
0:02:52]} e6 {[%clk 0:00:51]} 38. Ne3 {[%clk 0:01:25]} Nb4 {[%clk 0:00:37]} 39.
Ra4 {[%clk 0:00:28]} Rcd8 40. Rfa1 Qh6 41. Qf3 Nc6 42. Ra6 Rc8 43. f5 e5 44.
fxg6+ Qxg6 45. Qh3 Rdd8 46. Rf1 Kg7 47. Nf5+ Kh8 48. Rxc6 Rxc6 49. Ne7 Qe8 50.
Nxc6 Qxc6 51. Rxf6 Rd7 52. Qxh5+ Kg8 53. Qe8+ 1-0

[Event "Irena Warakomska Memorial 2019"]
[Site "Suwalki"]
[Date "2019.08.07"]
[Round "4"]
[White "Efroimski, Marsel"]
[Black "Hoffmann, Yair"]
[Result "1-0"]
[Board "30"]
[WhiteElo "2318"]
[WhiteTitle "WGM"]
[WhiteCountry "ISR"]
[WhiteFideId "2810964"]
[WhiteEloChange "4"]
[BlackElo "2101"]
[BlackCountry "ISR"]
[BlackFideId "2822776"]
[BlackEloChange "-4"]

1. e4 {[%clk 1:29:37]} c6 {[%clk 1:30:48]} 2. Nc3 {[%clk 1:30:03]} d5 {[%clk
1:31:10]} 3. Nf3 {[%clk 1:30:28]} Bg4 {[%clk 1:31:33]} 4. h3 {[%clk 1:30:56]}
Bxf3 {[%clk 1:31:55]} 5. Qxf3 {[%clk 1:31:24]} e6 {[%clk 1:31:09]} 6. Be2 {[%clk
1:31:03]} Nf6 {[%clk 1:30:01]} 7. O-O {[%clk 1:31:28]} dxe4 {[%clk 1:25:58]} 8.
Nxe4 {[%clk 1:31:26]} Nbd7 {[%clk 1:25:36]} 9. d3 {[%clk 1:25:57]} Qc7 {[%clk
1:09:37]} 10. Bf4 {[%clk 1:20:24]} e5 {[%clk 1:08:32]} 11. Nxf6+ {[%clk 1:05:35]}
Nxf6 {[%clk 1:08:31]} 12. Qe3 {[%clk 1:04:11]} Bd6 {[%clk 1:05:35]} 13. Bxe5
{[%clk 1:02:28]} Bxe5 {[%clk 1:05:16]} 14. d4 {[%clk 1:00:18]} O-O {[%clk
1:04:19]} 15. dxe5 {[%clk 0:56:12]} Nd5 {[%clk 1:04:35]} 16. Qd4 {[%clk 0:48:03]}
Rfe8 {[%clk 1:00:25]} 17. f4 {[%clk 0:47:09]} f6 {[%clk 1:00:44]} 18. Bc4 {[%clk
0:43:20]} fxe5 {[%clk 1:00:50]} 19. fxe5 {[%clk 0:33:40]} Qxe5 {[%clk 0:57:04]}
20. Rad1 {[%clk 0:27:52]} Qxd4+ {[%clk 0:52:04]} 21. Rxd4 {[%clk 0:28:10]} Re5
{[%clk 0:52:31]} 22. Rfd1 {[%clk 0:25:41]} Rc8 {[%clk 0:45:43]} 23. c3 {[%clk
0:20:43]} Kf7 {[%clk 0:45:25]} 24. Bxd5+ {[%clk 0:17:54]} cxd5 {[%clk 0:45:38]}
25. Rxd5 {[%clk 0:18:14]} Rxd5 {[%clk 0:46:02]} 26. Rxd5 {[%clk 0:18:42]} Ke6
{[%clk 0:46:25]} 27. Rb5 {[%clk 0:17:11]} b6 {[%clk 0:46:24]} 28. Kf2 {[%clk
0:17:10]} Rf8+ {[%clk 0:46:06]} 29. Ke2 {[%clk 0:17:02]} Rf4 {[%clk 0:46:08]} 30.
Rg5 {[%clk 0:13:05]} g6 {[%clk 0:45:40]} 31. Rg3 {[%clk 0:13:27]} Rf7 {[%clk
0:43:50]} 32. Rf3 {[%clk 0:09:22]} Rd7 {[%clk 0:42:55]} 33. Re3+ {[%clk 0:06:16]}
Kf5 {[%clk 0:41:44]} 34. c4 {[%clk 0:05:45]} h5 {[%clk 0:39:35]} 35. b3 {[%clk
0:05:11]} g5 {[%clk 0:30:26]} 36. Rd3 {[%clk 0:04:43]} Re7+ {[%clk 0:30:51]} 37.
Kf3 {[%clk 0:03:55]} h4 {[%clk 0:31:16]} 38. Rd5+ {[%clk 0:03:40]} Kg6 {[%clk
0:31:39]} 39. c5 {[%clk 0:01:27]} bxc5 {[%clk 0:30:48]} 40. Rxc5 {[%clk 0:31:52]}
Rf7+ {[%clk 0:57:45]} 41. Ke2 {[%clk 0:31:03]} Re7+ {[%clk 0:56:14]} 42. Kd2
{[%clk 0:30:17]} Rf7 {[%clk 0:55:08]} 43. Re5 {[%clk 0:22:53]} Rf2+ {[%clk
0:54:51]} 44. Re2 {[%clk 0:23:19]} Rf7 {[%clk 0:55:04]} 45. b4 {[%clk 0:23:13]}
Rc7 {[%clk 0:53:50]} 46. Kd3 {[%clk 0:22:55]} Kf5 {[%clk 0:51:34]} 47. a4 {[%clk
0:22:36]} Rd7+ {[%clk 0:50:44]} 48. Kc4 {[%clk 0:18:27]} Kf4 {[%clk 0:51:09]} 49.
b5 {[%clk 0:18:47]} Rd1 {[%clk 0:51:19]} 50. a5 {[%clk 0:18:18]} Rc1+ {[%clk
0:51:29]} 51. Kd5 {[%clk 0:14:32]} Ra1 {[%clk 0:51:26]} 52. a6 {[%clk 0:10:22]}
Rd1+ {[%clk 0:50:59]} 53. Kc6 {[%clk 0:10:36]} Rc1+ {[%clk 0:51:25]} 54. Kb7
{[%clk 0:02:49]} Rb1 {[%clk 0:51:24]} 55. Rf2+ {[%clk 0:01:18]} Ke5 {[%clk
0:51:47]} 56. Kxa7 {[%clk 0:01:11]} Rxb5 {[%clk 0:52:10]} 57. Rf7 {[%clk
0:00:42]} Rb2 {[%clk 0:50:16]} 58. Rb7 {[%clk 0:01:00]} Rxg2 {[%clk 0:50:06]} 59.
Kb8 {[%clk 0:01:15]} Ra2 {[%clk 0:49:57]} 60. a7 {[%clk 0:01:31]} g4 {[%clk
0:45:32]} 61. hxg4 {[%clk 0:00:49]} Kf4 {[%clk 0:45:57]} 62. Rg7 {[%clk 0:00:41]}
Rb2+ {[%clk 0:46:01]} 63. Kc8 {[%clk 0:00:51]} Ra2 {[%clk 0:46:03]} 64. Kb7
{[%clk 0:01:14]} Rb2+ {[%clk 0:46:22]} 65. Kc6 {[%clk 0:00:54]} Ra2 {[%clk
0:46:33]} 66. g5 {[%clk 0:00:45]} Kf5 {[%clk 0:46:06]} 67. Kb7 {[%clk 0:00:42]}
Rb2+ {[%clk 0:46:17]} 68. Kc8 {[%clk 0:00:47]} Ra2 {[%clk 0:46:10]} 69. Kb8
{[%clk 0:01:06]} Rb2+ {[%clk 0:45:47]} 70. Rb7 {[%clk 0:01:29]} Ra2 {[%clk
0:46:14]} 71. Rb5+ {[%clk 0:01:52]} Kg6 {[%clk 0:46:40]} 72. a8Q {[%clk 0:02:08]}
Rxa8+ {[%clk 0:47:03]} 73. Kxa8 {[%clk 0:02:35]} h3 {[%clk 0:47:29]} 74. Rb3
{[%clk 0:02:47]} 1-0

[Event "Irena Warakomska Memorial 2019"]
[Site "Suwalki"]
[Date "2019.08.07"]
[Round "4"]
[White "Bommini Mounika Akshaya"]
[Black "Sharankov, Grigory"]
[Result "0-1"]
[Board "41"]
[WhiteElo "2050"]
[WhiteTitle "WFM"]
[WhiteCountry "IND"]
[WhiteFideId "25019872"]
[WhiteEloChange "-5"]
[BlackElo "2225"]
[BlackCountry "RUS"]
[BlackFideId "4168356"]
[BlackEloChange "5"]

1. d4 {[%clk 1:30:57]} d5 {[%clk 1:30:52]} 2. Bf4 {[%clk 1:31:23]} c5 {[%clk
1:31:15]} 3. e3 {[%clk 1:31:47]} Nc6 {[%clk 1:31:40]} 4. c3 {[%clk 1:32:08]} Qb6
{[%clk 1:32:02]} 5. Qb3 {[%clk 1:32:11]} c4 {[%clk 1:32:27]} 6. Qc2 {[%clk
1:32:16]} e5 {[%clk 1:32:16]} 7. dxe5 {[%clk 1:31:28]} Bf5 {[%clk 1:32:19]} 8.
Qc1 {[%clk 1:28:14]} g5 {[%clk 1:31:24]} 9. Bg3 {[%clk 1:25:04]} h5 {[%clk
1:31:05]} 10. h3 {[%clk 1:16:55]} Bg7 {[%clk 1:29:52]} 11. Nf3 {[%clk 1:03:53]}
g4 {[%clk 1:29:19]} 12. Nd4 {[%clk 1:00:32]} Nge7 {[%clk 1:28:06]} 13. hxg4
{[%clk 0:50:32]} hxg4 {[%clk 1:28:00]} 14. Rxh8+ {[%clk 0:50:40]} Bxh8 {[%clk
1:28:28]} 15. Be2 {[%clk 0:42:17]} Bxe5 {[%clk 1:26:33]} 16. Bxe5 {[%clk
0:37:24]} Nxe5 {[%clk 1:27:00]} 17. Nxf5 {[%clk 0:33:22]} Nxf5 {[%clk 1:27:27]}
18. Nd2 {[%clk 0:24:50]} g3 {[%clk 1:25:31]} 19. Nf1 {[%clk 0:22:53]} gxf2+
{[%clk 1:23:45]} 20. Kxf2 {[%clk 0:23:14]} O-O-O {[%clk 1:22:02]} 21. Qd2 {[%clk
0:20:53]} Qh6 {[%clk 1:13:05]} 22. Rd1 {[%clk 0:17:22]} Qh4+ {[%clk 1:12:14]} 23.
Kg1 {[%clk 0:17:11]} Qe4 {[%clk 0:57:28]} 24. Kf2 {[%clk 0:13:43]} Nh4 {[%clk
0:55:54]} 0-1

[Event "Irena Warakomska Memorial 2019"]
[Site "Suwalki"]
[Date "2019.08.07"]
[Round "4"]
[White "Jankowiak, Tomasz"]
[Black "Korbal, Arkadiusz"]
[Result "1-0"]
[Board "44"]
[WhiteElo "2045"]
[WhiteCountry "POL"]
[WhiteFideId "1185357"]
[WhiteEloChange "13"]
[BlackElo "2168"]
[BlackCountry "POL"]
[BlackFideId "1133837"]
[BlackEloChange "-13"]

1. e4 {[%clk 1:30:56]} e5 {[%clk 1:30:54]} 2. Nf3 {[%clk 1:31:22]} Nc6 {[%clk
1:31:18]} 3. Bb5 {[%clk 1:31:48]} a6 {[%clk 1:31:41]} 4. Ba4 {[%clk 1:32:13]} Nf6
{[%clk 1:32:03]} 5. O-O {[%clk 1:32:36]} Nxe4 {[%clk 1:32:26]} 6. d4 {[%clk
1:32:43]} b5 {[%clk 1:32:28]} 7. Bb3 {[%clk 1:33:07]} d5 {[%clk 1:32:52]} 8. dxe5
{[%clk 1:33:21]} Be6 {[%clk 1:33:14]} 9. Be3 {[%clk 1:33:05]} Be7 {[%clk
1:30:06]} 10. c3 {[%clk 1:30:41]} Na5 {[%clk 1:28:33]} 11. Nd4 {[%clk 1:27:53]}
O-O {[%clk 1:26:11]} 12. f3 {[%clk 1:12:12]} Nxb3 {[%clk 1:24:29]} 13. axb3
{[%clk 1:11:56]} Nc5 {[%clk 1:18:54]} 14. b4 {[%clk 1:00:29]} Nb7 {[%clk
1:12:03]} 15. f4 {[%clk 1:00:14]} Bd7 {[%clk 1:12:05]} 16. f5 {[%clk 0:54:03]}
Bg5 {[%clk 1:09:03]} 17. Qc1 {[%clk 0:47:48]} Bxe3+ {[%clk 1:07:01]} 18. Qxe3
{[%clk 0:48:13]} Qh4 {[%clk 1:04:10]} 19. Nd2 {[%clk 0:45:44]} Rfe8 {[%clk
1:03:08]} 20. Rae1 {[%clk 0:37:57]} a5 {[%clk 0:56:06]} 21. Rf4 {[%clk 0:34:24]}
Qh6 {[%clk 0:55:34]} 22. Qg3 {[%clk 0:33:25]} axb4 {[%clk 0:54:28]} 23. cxb4
{[%clk 0:33:41]} Nd6 {[%clk 0:50:15]} 24. Re2 {[%clk 0:23:39]} Ra1+ {[%clk
0:48:00]} 25. Kf2 {[%clk 0:23:23]} Nc4 {[%clk 0:44:36]} 26. Rh4 {[%clk 0:13:23]}
Qb6 {[%clk 0:43:16]} 27. Nb3 {[%clk 0:13:27]} Rd1 {[%clk 0:38:30]} 28. f6 {[%clk
0:13:48]} g6 {[%clk 0:38:31]} 29. Qf4 {[%clk 0:08:13]} Nxe5 {[%clk 0:20:52]} 30.
Rxe5 {[%clk 0:07:21]} Rb1 {[%clk 0:19:29]} 31. Rxe8+ {[%clk 0:05:10]} Bxe8 {[%clk
0:19:55]} 32. Qe5 {[%clk 0:05:21]} Rxb2+ {[%clk 0:19:23]} 33. Kg3 {[%clk
0:04:48]} Qb8 {[%clk 0:18:54]} 34. Rf4 {[%clk 0:04:17]} h6 {[%clk 0:18:49]} 35.
Rf2 {[%clk 0:03:51]} Rb1 {[%clk 0:18:38]} 36. Rc2 {[%clk 0:02:59]} Bd7 {[%clk
0:17:11]} 37. Qxc7 {[%clk 0:01:43]} Qxc7+ {[%clk 0:16:42]} 38. Rxc7 {[%clk
0:02:07]} Bf5 {[%clk 0:17:09]} 39. Nd2 {[%clk 0:01:03]} Rxb4 {[%clk 0:16:44]} 40.
Nxf5 {[%clk 0:31:27]} gxf5 {[%clk 0:47:07]} 41. Nf3 {[%clk 0:30:42]} Re4 {[%clk
0:45:53]} 42. Rc5 {[%clk 0:30:10]} f4+ {[%clk 0:43:47]} 43. Kf2 {[%clk 0:28:44]}
Kh7 {[%clk 0:42:48]} 44. Rxb5 {[%clk 0:28:49]} Kg6 {[%clk 0:43:01]} 45. Rxd5
{[%clk 0:29:07]} Ra4 {[%clk 0:42:48]} 46. Nd4 {[%clk 0:27:54]} Kxf6 {[%clk
0:42:44]} 47. Rf5+ {[%clk 0:27:40]} Kg6 {[%clk 0:43:08]} 48. Rxf4 {[%clk
0:28:05]} Ra2+ {[%clk 0:43:33]} 49. Kg3 {[%clk 0:28:10]} Ra3+ {[%clk 0:43:54]}
50. Nf3 {[%clk 0:28:34]} Rb3 {[%clk 0:44:03]} 51. Rc4 {[%clk 0:28:55]} Ra3 {[%clk
0:44:25]} 52. Kf4 {[%clk 0:29:17]} Ra2 {[%clk 0:44:41]} 53. g4 {[%clk 0:29:11]}
Kg7 {[%clk 0:43:53]} 54. h4 {[%clk 0:28:17]} Rf2 {[%clk 0:44:02]} 55. h5 {[%clk
0:28:34]} Rf1 {[%clk 0:44:19]} 56. Rc6 {[%clk 0:28:44]} Ra1 {[%clk 0:44:22]} 57.
Nd4 {[%clk 0:28:36]} Ra4 {[%clk 0:44:04]} 58. Rd6 {[%clk 0:28:46]} Kh7 {[%clk
0:43:57]} 59. Kg3 {[%clk 0:29:11]} Ra3+ {[%clk 0:43:29]} 60. Kh4 {[%clk 0:29:35]}
Ra1 {[%clk 0:43:05]} 61. Nf5 {[%clk 0:29:53]} Rh1+ {[%clk 0:43:00]} 62. Kg3
{[%clk 0:30:18]} Rg1+ {[%clk 0:43:24]} 63. Kf3 {[%clk 0:30:42]} Rf1+ {[%clk
0:43:39]} 64. Kg2 {[%clk 0:31:07]} Rf4 {[%clk 0:43:42]} 65. Kg3 {[%clk 0:31:19]}
Ra4 {[%clk 0:44:05]} 66. Rxh6+ {[%clk 0:31:44]} Kg8 {[%clk 0:44:31]} 67. Rb6
{[%clk 0:32:03]} Rc4 {[%clk 0:44:52]} 68. Kh4 {[%clk 0:32:19]} Kh7 {[%clk
0:45:11]} 69. Kg5 {[%clk 0:32:22]} Ra4 {[%clk 0:45:28]} 70. Rb7 {[%clk 0:32:40]}
Kg8 {[%clk 0:45:48]} 71. Nh6+ {[%clk 0:32:56]} Kg7 {[%clk 0:45:49]} 72. Rxf7+
{[%clk 0:33:19]} Kh8 {[%clk 0:46:12]} 73. Nf5 {[%clk 0:33:26]} 1-0